LEADER 01214cam0-2200337---450- 001 990004288820403321 005 20080128151409.0 010 $a3-416-2179-7$z3-416-2179-7 035 $a000428882 035 $aFED01000428882 035 $a(Aleph)000428882FED01 035 $a000428882 100 $a19990604d1989----km-y0itay50------ba 101 0 $ager 102 $aDE 105 $ay-------001yy 200 1 $aSpekulative Begründung und inhaltliche Erkenntnis in der praktischen Philosophie Hegels$eUntersuchungen zur Jenaer Philosophie des Geistes, zu ihrer Methode und Entwicklung$fvon Rainer Adolphi 210 $aBonn$cBouvier$d1989 215 $a458 p.$d22 cm 225 1 $aAbhandlungen zur Philosophie, Psychologie und Padagogik$v216 610 0 $aHegel, Georg Wilhelm Friedrich$aOpere giovanili 676 $a193 700 1$aAdolphi,$bRainer$0170222 801 0$aIT$bUNINA$gRICA$2UNIMARC 901 $aBK 912 $a990004288820403321 952 $aP.1 8D HEGEL/S 68$b15372 BIBL.$fFLFBC 952 $aP.1 8D HEGEL/S 68 BIS$b12089 Bibl.$fFLFBC 959 $aFLFBC 996 $aSpekulative Begründung und inhaltliche Erkenntnis in der praktischen Philosophie Hegels$9489559 997 $aUNINA